| 000 | 01018nam0a22002651 4500 | ||
|---|---|---|---|
| 001 | rc\3056913 | ||
| 005 | 20250806202453.0 | ||
| 035 | _a(NLR Aleph) 007195938 | ||
| 090 |
_a47642 _c47642 |
||
| 100 | _a20111013d1941 u y0rusy50 ca | ||
| 101 | 0 | _arus | |
| 102 | _aRU | ||
| 105 | _ay z ||||| | ||
| 200 | 1 |
_aОсновные условия поставки лесопродукции на 1941 год _fКалининск. обл. контора "Главлесосбыт" |
|
| 210 |
_aКалинин _cКалинин. обл. контора "Главлесосбыт" _d1941 _eКувшиново |
||
| 215 |
_a24 с. _d20 см |
||
| 300 | _aБез тит. л. Описано по обл. | ||
| 710 | 0 | 1 |
_aСССР _bНародный комиссариат лесной промышленности |
| 801 | 0 |
_aRU _bNLR _gpsbo |
|
| 801 | 1 |
_aRU _bELAR _2rusmarc |
|
| 852 |
_aNLR _bЭ _j54 Г-4/8 |
||
| 942 | _cBOOK | ||
| 945 | _aРоссийская национальная библиотека | ||
| 980 | _aNB | ||
| 980 | _aBV | ||